Parole : Tout en Gucci - Ninho - Statistiques

Statistiques générales
  • Ce quiz a été pris 135 fois
  • Le résultat moyen est 317 sur 495
Statistiques - réponses
Réponse % Correct
j'
100%
m'
97%
t'
96%
d'
93%
de
93%
l'
93%
le
93%
s'
93%
un
93%
à
91%
en
88%
Gucci
88%
la
88%
comme
87%
famille
87%
me
87%
tout
86%
peu
85%
habillerai
82%
on
81%
On
81%
qu'à
81%
et
80%
mi
80%
ils
78%
prix
78%
quand
78%
gêné
77%
ma
77%
BG
76%
demande
76%
je
76%
miroir
76%
qui
75%
au
74%
trouve
74%
devant
72%
nous
72%
sont
72%
v'
72%
Y
72%
jaloux
71%
par
70%
commence
67%
face
67%
plus
67%
jamais
64%
aura
63%
même
63%
pas
63%
si
63%
suis
63%
tu
63%
dans
62%
pour
62%
une
62%
dois
61%
J'ai
61%
Pété
61%
tablier
61%
anonymat
60%
fais
60%
ce
58%
mais
58%
les
57%
péter
56%
trop
56%
ai
55%
dépose
53%
peux
52%
ont
51%
endormirai
50%
grande
50%
Hilton
50%
nourir
50%
sur
47%
taulier
47%
est
46%
pomme
46%
remplacera
46%
billard
45%
boule
45%
ça
45%
laissé
45%
pommier
45%
rue
45%
soirée
45%
Messi
44%
mourir
44%
Léo
43%
nom
43%
noire
42%
putain
42%
ghetto
41%
passé
41%
bon
40%
10
39%
bien
39%
front
39%
Maillot
39%
sac
39%
soldat
39%
y'a
39%
ah
38%
appartement
38%
bang
38%
barrais
38%
bédo
38%
dire
38%
là-haut
38%
planter
38%
réseau
38%
vraiment
38%
c'est
36%
connaissent
36%
connu
36%
couteau
36%
distribue
36%
eux
36%
Porte
36%
sons
36%
midi
35%
numéro
35%
être
34%
qu'est
34%
toujours
34%
50
33%
aussi
33%
carré
33%
corazón
33%
était
33%
Lady
33%
oh
33%
qu'ils
33%
stone
33%
têtu
33%
veille
33%
avec
32%
bons
32%
borné
32%
faudra
32%
monter
32%
acheté
31%
billets
31%
Rolling
31%
tenu
31%
compter
30%
everyday
30%
réussir
30%
sans
30%
s'ra
30%
besoin
29%
esqui
29%
1000
28%
20
28%
black
28%
Many
28%
personne
28%
prochaine
28%
font
27%
revenais
27%
Gaga
26%
Stones
26%
toka
26%
dents
24%
flicaille
24%
monde
24%
rain-ter
23%
sors
22%
coste-La
21%
bodyguards
19%
G13
19%
Woh
11%
das
3%
Aucun quiz correspondant
Distribution des résultats
% des personnes avec chaque résultat
Percentile par nombre de réponses
Votre historique - résultats
Vous n’avez pas pris ce quiz